Rebel in a dress : adventurers / (Record no. 6178)
[ view plain ]
| 000 -LEADER | |
|---|---|
| fixed length control field | 01734nam a22002777a 4500 |
| 001 - CONTROL NUMBER | |
| control field | 6178 |
| 003 - CONTROL NUMBER IDENTIFIER | |
| control field | FISKH |
| 005 - DATE AND TIME OF LATEST TRANSACTION | |
| control field | 20250324143447.0 |
| 008 - FIXED-LENGTH DATA ELEMENTS--GENERAL INFORMATION | |
| fixed length control field | 250324b cb ||||| |||| 00| 0 eng d |
| 020 ## - INTERNATIONAL STANDARD BOOK NUMBER | |
| International Standard Book Number | 9780545459884 |
| 040 ## - CATALOGING SOURCE | |
| Original cataloging agency | FISKH |
| Language of cataloging | eng |
| Transcribing agency | FISKH |
| Modifying agency | FISKH |
| 050 ## - LIBRARY OF CONGRESS CALL NUMBER | |
| Classification number | CT9970.B73 |
| 082 ## - DEWEY DECIMAL CLASSIFICATION NUMBER | |
| Classification number | 920.72 |
| 100 ## - MAIN ENTRY--PERSONAL NAME | |
| Personal name | Branzei, Sylvia |
| 245 ## - TITLE STATEMENT | |
| Title | Rebel in a dress : adventurers / |
| Statement of responsibility, etc. | By Sylvia Branzei : Illustrated by Melissa Sweet |
| 250 ## - EDITION STATEMENT | |
| Edition statement | First Scholastic printing, March 2012 |
| 260 ## - PUBLICATION, DISTRIBUTION, ETC. | |
| Place of publication, distribution, etc. | New York : |
| Name of publisher, distributor, etc. | Scholastic ; |
| Date of publication, distribution, etc. | 2011 . |
| 300 ## - PHYSICAL DESCRIPTION | |
| Extent | 96 pages : |
| Other physical details | color illustrations ; |
| Dimensions | 21 cm . |
| 490 ## - SERIES STATEMENT | |
| Series statement | Rebel in a dress |
| 520 ## - SUMMARY, ETC. | |
| Summary, etc. | For the rebel in every girl's heart, this series presents the achievements of extraordinary, relevant, and inspiring women throughout history. Through quotes, narratives, photographs, illustrations, and fact-filled side-bars, each book tells the story of twelve bold and courageous women. When the world told them to stay put, these twelve adventurers took to the skies, slopes, and seas. From the daring aviator Amelia Earhart to the relentless photojournalist Margaret Bourke-White, these brave women will dare you to follow your dreams. Featured adventurers include Gudridur Thorbjarnarsdottir (Viking traveler), Susan Butcher (dog sled racer), Kit DesLauriers (skier), Valentina Tereshkova (astronaut), Bessie Coleman (pilot), Janet Guthrie (racecar driver), Sophie Blanchard (balloonist), Nellie Bly (journalist), Gertrude Ederle (English Channel swimmer), and Dr. Diana Hoff (Atlantic Ocean rower). |
| 650 ## - SUBJECT ADDED ENTRY--TOPICAL TERM | |
| Topical term or geographic name entry element | Gertrude Ederle |
| Form subdivision | Non-fiction |
| 650 ## - SUBJECT ADDED ENTRY--TOPICAL TERM | |
| Topical term or geographic name entry element | Bessie Coleman |
| Form subdivision | Non-fiction |
| 700 ## - ADDED ENTRY--PERSONAL NAME | |
| Personal name | Sweet, Melissa |
| Relator term | Illustrator |
| 942 ## - ADDED ENTRY ELEMENTS (KOHA) | |
| Source of classification or shelving scheme | Dewey Decimal Classification |
| Koha item type | Books |
| Suppress in OPAC | No |
| Withdrawn status | Lost status | Source of classification or shelving scheme | Damaged status | Not for loan | Collection | Home library | Current library | Shelving location | Date acquired | Total Checkouts | Full call number | Barcode | Date last seen | Price effective from | Koha item type |
|---|---|---|---|---|---|---|---|---|---|---|---|---|---|---|---|
| Dewey Decimal Classification | Non-Fiction | Footprints International School Library Network Toul Tom Poung Campus | Footprints International School Library Network Toul Tom Poung Campus | TTP Secondary Non-Fiction Bookshelves | 03/24/2025 | BRA 920.72 CT9970.B73 | FISSE01528 | 03/24/2025 | 03/24/2025 | Books |
